Grow it! = A sembrar! / (Record no. 16215)

MARC details
000 -LEADER
fixed length control field 02268cam a2200565Ii 4500
001 - CONTROL NUMBER
control field sjds884111
003 - CONTROL NUMBER IDENTIFIER
control field sjds
005 - DATE AND TIME OF LATEST TRANSACTION
control field 20160925161917.0
008 - FIXED-LENGTH DATA ELEMENTS--GENERAL INFORMATION
fixed length control field 130909s2013 enka j 000 1 eng d
020 ## - INTERNATIONAL STANDARD BOOK NUMBER
International Standard Book Number 9781846435706 (pbk.)
020 ## - INTERNATIONAL STANDARD BOOK NUMBER
International Standard Book Number 1846435706 (pbk.)
035 ## - SYSTEM CONTROL NUMBER
System control number 720587
035 ## - SYSTEM CONTROL NUMBER
System control number (OCoLC)857773232
Canceled/invalid control number (OCoLC)829743573
035 ## - SYSTEM CONTROL NUMBER
System control number 716483
035 ## - SYSTEM CONTROL NUMBER
System control number 720587
035 ## - SYSTEM CONTROL NUMBER
System control number 720587
040 ## - CATALOGING SOURCE
Original cataloging agency PNX
Language of cataloging eng
Description conventions rda
Transcribing agency PNX
Modifying agency OCLCO
-- OCLCQ
-- CWJ
-- BTCTA
-- YDXCP
-- BPLCP
-- OCLCO
-- SAP
-- NYP
-- OCLCO
041 1# - LANGUAGE CODE
Language code of text/sound track or separate title eng
-- spa
Language code of original eng
049 ## - LOCAL HOLDINGS (OCLC)
Holding library IFAA
099 ## - LOCAL FREE-TEXT CALL NUMBER (OCLC)
Filing suffix 2013
100 ## - MAIN ENTRY--PERSONAL NAME
Personal name Birkett, Georgie.
245 00 - TITLE STATEMENT
Title Grow it! = A sembrar! /
Statement of responsibility, etc. illustrated by Georgie Birkett = ilustrado por Georgie Birkett ; [traducido por Teresa Mlawer].
246 31 - VARYING FORM OF TITLE
Title proper/short title A sembrar!
246 30 - VARYING FORM OF TITLE
Title proper/short title Sembrar!
260 ## - PUBLICATION, DISTRIBUTION, ETC. (IMPRINT)
Place of publication, distribution, etc. Swindon :
Name of publisher, distributor, etc. Child's Play (International) Ltd,
Date of publication, distribution, etc. [2013]
264 #1 - PRODUCTION, PUBLICATION, DISTRIBUTION, MANUFACTURE, AND COPYRIGHT NOTICE
Place of production, publication, distribution, manufacture Swindon :
Name of producer, publisher, distributor, manufacturer Child's Play (International) Ltd,
Date of production, publication, distribution, manufacture, or copyright notice [2013]
300 ## - PHYSICAL DESCRIPTION
Extent 1 volume (unpaged) :
Other physical details color illustrations ;
Dimensions 21 cm.
336 ## - CONTENT TYPE
Content type term text
Content type code txt
Source rdacontent
336 ## - CONTENT TYPE
Content type term still image
Content type code sti
Source rdacontent
337 ## - MEDIA TYPE
Media type term unmediated
Media type code n
Source rdamedia
338 ## - CARRIER TYPE
Carrier type term volume
Carrier type code nc
Source rdacarrier
490 1# - SERIES STATEMENT
Series statement Helping hands
520 ## - SUMMARY, ETC.
Summary, etc. A boy helps his parents sow and water seeds, transplant small plants, weed, and harvest a home garden and share some of the produce with a neighbor.
520 ## - SUMMARY, ETC.
Summary, etc. Un niño ayuda a sus padres siembran semillas y agua, pequeñas plantas de trasplante, las malas hierbas, y la cosecha de un huerto familiar y comparten algunos de los productos con un vecino.
650 #0 - SUBJECT ADDED ENTRY--TOPICAL TERM
Topical term or geographic name as entry element Gardening
Form subdivision Juvenile fiction.
650 #0 - SUBJECT ADDED ENTRY--TOPICAL TERM
Topical term or geographic name as entry element Helpfulness
Form subdivision Juvenile fiction.
650 #0 - SUBJECT ADDED ENTRY--TOPICAL TERM
Topical term or geographic name as entry element Parent and child
Form subdivision Juvenile fiction.
650 #7 - SUBJECT ADDED ENTRY--TOPICAL TERM
Topical term or geographic name as entry element Jardinería
Form subdivision Novela juvenil.
Source of heading or term bidex
650 #7 - SUBJECT ADDED ENTRY--TOPICAL TERM
Topical term or geographic name as entry element Espíritu de servicio
Form subdivision Novela juvenil.
Source of heading or term bidex
650 #7 - SUBJECT ADDED ENTRY--TOPICAL TERM
Topical term or geographic name as entry element Padres e hijos
Form subdivision Novela juvenil.
Source of heading or term bidex
650 #0 - SUBJECT ADDED ENTRY--TOPICAL TERM
Topical term or geographic name as entry element Spanish language materials
General subdivision Bilingual
Form subdivision Juvenile literature.
650 #4 - SUBJECT ADDED ENTRY--TOPICAL TERM
Topical term or geographic name as entry element Materiales bilingües en español
Form subdivision Literatura juvenil.
700 1# - ADDED ENTRY--PERSONAL NAME
Relator term illustrator.
700 1# - ADDED ENTRY--PERSONAL NAME
Personal name Mlawer, Teresa,
Relator term translator.
710 2# - ADDED ENTRY--CORPORATE NAME
Corporate name or jurisdiction name as entry element Child's Play (Firm),
Relator term editor.
730 02 - ADDED ENTRY--UNIFORM TITLE
Uniform title Grow it!
730 02 - ADDED ENTRY--UNIFORM TITLE
Uniform title Grow it!.
Language of a work Spanish.
830 #0 - SERIES ADDED ENTRY--UNIFORM TITLE
Uniform title Helping hands.
Language of a work Spanish & English.
942 ## - ADDED ENTRY ELEMENTS (KOHA)
Koha item type Libro/Book
Holdings
Withdrawn status Lost status Damaged status Not for loan Home library Current library Date acquired Total Checkouts Barcode Date last seen Date checked out Price effective from Koha item type Inventory number
        Capulin -- Satellite Capulin -- Satellite 13/09/2016   35100764 13/09/2016   13/09/2016 Libro/Book Inventory date: 7/7/25
        San Juan Del Sur -- Biblioteca San Juan Del Sur -- Biblioteca 22/02/2016 1 30007534 15/03/2016 04/03/2016 22/02/2016 Libro/Book  

Powered by Koha